The periodic table

সংরক্ষণ করুন:
গ্রন্থ-পঞ্জীর বিবরন
প্রধান লেখক: Levi, Primo
অন্যান্য লেখক: Rosenthal, Raymond
বিন্যাস: গ্রন্থ
ভাষা:English
প্রকাশিত: London David Campbell Publishers 1995
মালা:Everyman's library
বিষয়গুলি:
ট্যাগগুলো: ট্যাগ যুক্ত করুন
কোনো ট্যাগ নেই, প্রথমজন হিসাবে ট্যাগ করুন!
Thư viện lưu trữ: Trung tâm Học liệu Lê Vũ Hùng, Trường Đại học Đồng Tháp
LEADER 00845pam a22002658a 4500
001 00025423
005 20171026081023.0
008 110804s1995 ||||||engsd
041 0 # |a eng 
082 1 4 |a 858  |b TH200P 
100 1 # |a Levi, Primo 
245 1 4 |a The periodic table  |c Primo Levi ; translated from the Italian by Raymond Rosenthal ; with an introduction by Neal Ascherson 
260 # # |a London  |b David Campbell Publishers  |c 1995 
300 # # |a xxv, 241 p.  |c 21 cm. 
490 # # |a Everyman's library 
504 # # |a Includes bibliographical references (p. xvi) 
650 # 4 |a Italia 
650 # 4 |a Tạp Văn 
700 1 # |a Rosenthal, Raymond 
852 # # |b Kho đọc  |j KD.0008516 
852 # # |j KD.0008516 
910 |d 04/08/2011 
980 # # |a Trung tâm Học liệu Lê Vũ Hùng, Trường Đại học Đồng Tháp